चार शब्द द्यावे-घ्यावे / (Record no. 21183)

MARC details
000 -LEADER
fixed length control field 01115nam a22002297a 4500
008 - FIXED-LENGTH DATA ELEMENTS--GENERAL INFORMATION
fixed length control field 081007t xxu||||| |||| 00| 0 mar
010 ## - LCCN (DPL NO)
LC control number MAR-20016
020 ## - INTERNATIONAL STANDARD BOOK NUMBER
Terms of availability 70.00
International Standard Book Number 9788177668872
035 ## - SYSTEM CONTROL NUMBER
System control number MR-12674
037 ## - SOURCE OF ACQUISITION
Source of stock number/acquisition D.B.Act /pub
082 ## - DEWEY DECIMAL CLASSIFICATION NUMBER
Classification number 155.2
100 ## - MAIN ENTRY--PERSONAL NAME
Personal name परळीकर, संजीव
245 ## - TITLE STATEMENT
Title चार शब्द द्यावे-घ्यावे /
Statement of responsibility, etc संजीव परळीकर
246 ## - VARYING FORM OF TITLE
Title proper/short title Char Shabad Dayave-Ghayave
Remainder of title by Sanjeev Parlikar
260 ## - PUBLICATION, DISTRIBUTION, ETC. (IMPRINT)
Place of publication, distribution, etc पुणे
Name of publisher, distributor, etc मेहता पब्लिशिंग हाऊस
Date of publication, distribution, etc 2007
270 ## - ADDRESS
Address 1941, सदाशिव पेठ
City पुणे
Postal code 30
Telephone number 020-24476924
Electronic mail address mehtapublishinghouse.com
300 ## - PHYSICAL DESCRIPTION
Extent चार,60 पृ
Dimensions 22सेमी (अजिल्द)
650 ## - SUBJECT ADDED ENTRY--TOPICAL TERM
Topical term or geographic name as entry element व्यकित्तव विकास
650 ## - SUBJECT ADDED ENTRY--TOPICAL TERM
Topical term or geographic name as entry element Personality Development
942 ## - ADDED ENTRY ELEMENTS (KOHA)
Source of classification or shelving scheme Dewey Decimal Classification
Item type Marathi Books
Call number suffix परळी
Classification part 155.2
Holdings
Withdrawn status Lost status Source of classification or shelving scheme Damaged status Not for loan Collection code Home library Current library Date acquired Source of acquisition Cost, normal purchase price Total Checkouts Full call number Barcode Date last seen Copy number Cost, replacement price Koha item type
    Dewey Decimal Classification   Not For Loan Non-fiction D.B.Act.Division D.B.Act.Division 19/01/2009 DBAD 70.00   155.2 परळी MR-12674 19/01/2009 1 70.00 Marathi Books

© Delhi Public Library
Hit Counter
free hit counter